Four-Word Anagram Boxes #1 - Statistics

General Stats
  • This quiz has been taken 2,022 times
    1,923 since last reset
  • The average score is 9 of 16
Answer Stats
Hint Answer % Correct
Jackets Coats
89%
Mexican food Tacos
89%
Tennis shot Serve
80%
Song section Verse
79%
Nappies Diapers
71%
Kind of guard Coast
70%
Changes course Veers
68%
Cleave Sever
65%
Commended Praised
55%
Give up hope Despair
53%
Necktie Ascot
51%
Had hopes Aspired
46%
Math point Decimal
43%
Alleged Claimed
35%
Insurance type Medical
32%
Orate Declaim
19%
No matching quizzes found
Score Distribution
Percent of People with Each Score
Percentile by Number Answered
Your Score History
You have not taken this quiz since the last reset